[Event "Paleochora op 10th"]
[Site "Paleochora"]
[Date "2017.07.19"]
[Round "1"]
[White "Fountas, Petros"]
[Black "Svetushkin, Dmitry"]
[Result "0-1"]
[WhiteElo "1869"]
[BlackElo "2563"]
[PlyCount "80"]
[EventDate "2017.07.19"]
[EventType "swiss"]
[EventRounds "9"]
[EventCountry "GRE"]
[SourceTitle "EXT 2018"]
[Source "ChessBase"]
[SourceDate "2017.10.13"]
[SourceVersion "1"]
[SourceVersionDate "2017.10.13"]
[SourceQuality "1"]

1. d4 Nf6 2. c4 Nc6 3. Nc3 e5 4. d5 Ne7 5. e4 Ng6 6. Bd3 Bc5 7. Nge2 Ng4 8. Rf1 Nxh2 9. Rh1 Ng4 10. Rf1 Nh4 11. Nf4 d6 12. Ne6 Bxe6 13. dxe6 h5 14. exf7+ Kxf7 15. g3 Ng6 16. Be2 Nf6 17. Bg5 h4 18. Nd5 c6 19. Nxf6 gxf6 20. Bd2 Ke7 21. Bc3 Qb6 22. Qd2 a5 23. 0-0-0 hxg3 24. Kb1 g2 25. Rg1 Nf4 26. Bf3 Rhg8 27. Bxg2 Rxg2 28. Rxg2 Nxg2 29. Qh6 Rf8 30. Qg7+ Rf7 31. Qxg2 Bb4 32. Bxb4 Qxb4 33. Qf1 f5 34. exf5 Rxf5 35. Qh3 Rf7 36. Qh4+ Kd7 37. Qg4+ Kc7 38. Qe6 Rxf2 39. Qe7+ Kb6 40. Qd8+ Ka7 0-1

[Event "GRE-ch U18"]
[Site "Nikaia"]
[Date "2012.01.06"]
[Round "5"]
[White "Papasimakopoulos, Vasilios"]
[Black "Fountas, Petros"]
[Result "0-1"]
[WhiteElo "1724"]
[BlackElo "1510"]
[PlyCount "116"]
[EventDate "2012.01.03"]
[EventType "swiss"]
[EventRounds "9"]
[EventCountry "GRE"]
[SourceTitle "CBM 146 Extra"]
[Source "ChessBase"]
[SourceDate "2012.02.29"]
[SourceVersion "1"]
[SourceVersionDate "2012.02.29"]
[SourceQuality "1"]

1. d4 Nf6 2. c4 e6 3. Nc3 Bb4 4. a3 Bxc3+ 5. bxc3 0-0 6. Bg5 c5 7. d5 e5 8. e4 Qa5 9. f3 d6 10. Qd2 Nbd7 11. Bd3 Re8 12. Ne2 Qd8 13. Kf2 h6 14. Be3 Nf8 15. h4 Ng6 16. h5 Ne7 17. Rag1 Nh7 18. g4 f6 19. Bxh6 gxh6 20. Qxh6 Kh8 21. Qe3 Rg8 22. Rh4 f5 23. g5 f4 24. Nxf4 exf4 25. Qxf4 Qf8 26. Qxd6 Rxg5 27. Rxg5 Nxg5 28. Rf4 Qxf4 29. Qxf4 Nh3+ 30. Ke3 Nxf4 31. Kxf4 Bh3 32. Ke5 Re8 33. Kd6 b6 34. f4 Nc8+ 35. Kc7 Re7+ 36. Kb8 Nd6 37. e5 Nf5 38. d6 Nxd6 39. exd6 Rd7 40. Be4 Kg7 41. Bc6 Rxd6 42. Kb7 Re6 43. Bd5 Re7+ 44. Ka6 Bc8+ 45. Kb5 Kh6 46. Kc6 Kxh5 47. a4 Kg4 48. Kd6 Rd7+ 49. Kc6 Rg7 50. Kb5 Bd7+ 51. Ka6 Bxa4 52. Bb7 Kxf4 53. Kxa7 Rg6 54. Ka6 Ke3 55. Bc8 Kd2 56. Bf5 Rf6 57. Bh7 Kxc3 58. Bg8 Kb4 0-1